| 000 | 01109nam a2200265 i 4500 | ||
|---|---|---|---|
| 001 | 172461 | ||
| 003 | ES-MaACL | ||
| 005 | 20240529062951.0 | ||
| 008 | 090708s1974 fr |||| | spa d | ||
| 020 | _a2-252-01598-5 | ||
| 080 | _a821.134.2-2"16" | ||
| 100 | 1 |
_aVega, Lope de, _d1562-1635 _9113563 |
|
| 245 | 1 | 0 |
_aSantiago el verde / _cLope de Vega ; texte établi avec une introduction et des notes par Jean Lemartinel, Charles Minguet et Gilbert Zonana. |
| 260 |
_aParis : _bKlincksieck, _c1974. |
||
| 300 |
_a198 p. ; _c24 cm. |
||
| 490 | 1 |
_aPublications de l'Université de Paris X Nanterre. Série A, Thèses et travaux ; _v24 |
|
| 504 | _aIncluye referencias bibliográficas. | ||
| 546 | _aTexto en español, introducción y notas en francés. | ||
| 700 | 1 |
_aLemartinel, Jean. _9140999 |
|
| 700 | 0 |
_aMinguet, Charles. _981340 |
|
| 700 | 1 |
_aZonana, Gilbert. _9141000 |
|
| 830 | 0 |
_aPublications de l'Université de Paris X Nanterre. Série A, Thèses et travaux ; _v24 _9223329 |
|
| 852 |
_aES-MaACL _jE-12774 _9R.139222 _z.- Biblioteca Jacinto Martínez Lacalle |
||
| 999 |
_c172461 _d172461 |
||